1317 1960 1646 1824 1504 1468 1978 1899 1526 1767 1416 1263 1354 1402 1544 1484 1365 1143 1024 1927 1266 1299 1580 1431 1030 1268 1212 1360 1196 1413 1014 1602 1341 1390 1712 1893 1711 1221 1390 1397 1850 1868 1198 1629 1990 1135 1940 1382 1482 1646 1088 1171 1731 1089 1044 1542 1152 1957 1637 1745 1627 1630 1618 1848 1785 1293 1031 1672 1858 1884 1248 1797 1835 1752 1338 1098 1377 1533 1740 1094 1874 1398 1853 1668 1832 1612 1977 1481 1161 1283 1730 1466 1109 1100 1379 1374 1583 1157 1842 BCNSPRNW ULIB Ver.6.0+V

เปลี่ยนเป็นภาษาไทย

Change to English
 แสดงรายละเอียดบรรณานุกรม
  กลับหน้าหลัก

Brief Record : Get Marc (ISO 2709) : E-mail record : QR code < ปิดหน้าต่าง
LEADER : 00000nam 2200000uu 4500
001    13399121681
003     ULIB
008    121129s2551||||th 000 0 tha d
020    ^a9789749993381
060 04 ^aWS113^bส759ล
245 00 ^aเลี้ยงลูกอย่างไรให้ "เก่ง ดี มีสุข" /^cสุชาดา ศรีทิพยวรรณ,ชิษณุ พันธุ์เจริญ, อุษา ทิสยากร บรรณาธิการ
250    ^aพิมพ์ครั้งที่ 4
260    ^aกรุงเทพฯ :^bภาควิชากุมารเวชศาสตร์ คณะแพทยศาสตร์จุฬาลงกรณ์มหาวิทยาลัย,^c2551
300    ^a84 หน้า :^bภาพประกอบ ;^c21 ซม.
650  7 ^aจิตวิทยาเด็ก
650  7 ^aเด็ก, การดูแล
650  7 ^aเด็ก, การเลี้ยง
700 0  ^aสุชาดา ศรีทิพยวรรณ,^eบรรณาธิการ
700 0  ^aชิษณุ พันธุ์เจริญ,^eบรรณาธิการ
700 0  ^aอุษา ทิสยากร,^eบรรณาธิการ
710 2  ^aจุฬาลงกรณ์มหาวิทยาลัย. ^bคณะแพทยศาสตร์.^bภาควิชากุมารเวชศาสตร์
945    ^p120^l0^i15212
995    ^aวิภา
999 ^a ใช้งานได้ทุกระบบ
รายการนี้ยังไม่มีแท็ก
คุณยังไม่ได้ล็อกอิน คุณสามารถมีกิจกรรมร่วมกับเว็บไซต์ได้ แต่ต้องล็อกอินก่อน ::
  ล็อกอิน

รายการสื่อสารสนเทศ

ลำดับที่ ประเภท เลขเรียก/บาร์โค้ด สถานที่ สถานะ
1. วิทยาศาสตร์การแพทย์ และสุขภาพ
วิทยาศาสตร์การแพทย์ และสุขภาพ
WS113 ส759ล  
  Barcode: 15212
ห้องสมุดวิทยาเขตสวรรค์ประชารักษ์
►ส่วนจัดเก็บหนังสือเก่า สปร
บนชั้น
  ขอยืม

รายการใกล้เคียง
    หัวเรื่อง [จิตวิทยาเด็ก]
    หัวเรื่อง [เด็ก, การดูแล]
    หัวเรื่อง [เด็ก, การเลี้ยง]

BibComment


ยังไม่เคยถูกคอมเมนท์

คอมเมนท์ทรัพยากรรายการนี้
  คอมเมนท์: เลี้ยงลูกอย่างไร..


 Copyright 2026. Bcnsprnw @Library